The Eight Great Places of Buddhism Quiz Stats

 Plays Quiz not verified by Sporcle

Support Sporcle.
Go Orange.
Score 0/8 Timer 02:30
0 Plays Today
Hint Answer % Correct
Birthplace of Gautama BuddhaLumbini
85.7%
Where the Buddha realized enlightenmentBodh Gaya
50.3%
Where Gautama Buddha delivered his first teachingSarnath
49%
Where Gautama Buddha died and attained ParinirvanaKushinagar
42.9%
Place of the subduing of Nalagiri, the angry elephantRajgir
36.7%
Place of the descending to earth from Tusita heavenSankassa
32%
Place of receiving an offering of honey from a monkeyVaishali
31.3%
Place of the Twin MiracleSravasti
30.6%

You're not logged in!

Compare scores with friends on all Sporcle quizzes.
OR
Log In

From the Vault

Johnny Depp (A-Z)

by walshinator250

We can't wait to see him in that remake of Xanadu.
Remove Ads.
Support Sporcle.
Get the best of Sporcle when you Go Orange. This ad-free experience offers more features, more stats, and more fun while also helping to support Sporcle. Thank you for becoming a member.

Show Comments

Extras

Top Quizzes Today


Score Distribution

Your Account Isn't Verified!

In order to create a playlist on Sporcle, you need to verify the email address you used during registration. Go to your Sporcle Settings to finish the process.

Report this User

Report this user for behavior that violates our Community Guidelines.

Details: